Associez la ville européenne à son pays - Clic Quiz - Statistiques

Statistiques générales
  • Ce quiz a été pris 58 fois
  • Le résultat moyen est 9 sur 20
Statistiques - réponses
Hint Réponse % Correct
France
96%
Italie
94%
Allemagne
76%
Monaco
71%
Pays-Bas
57%
Liechtenstein
45%
Danemark
43%
Autriche
35%
Espagne
35%
Suisse
33%
Belgique
33%
Slovaquie
31%
Estonie
29%
Portugal
29%
Suède
27%
Irlande
27%
Finlande
25%
République tchèque
25%
Norvège
24%
Lettonie
22%
Aucun quiz correspondant
Distribution des résultats
% des personnes avec chaque résultat
Percentile par nombre de réponses
Votre historique - résultats
Vous n’avez pas pris ce quiz